| Поле | Инд. | ПП | Название | Значение |
|---|---|---|---|---|
| Тип записи | a | |||
| Библиографический уровень | m | |||
| 001 | Контрольный номер | ce415f31-fdb3-4307-b7de-3f3fee68221b | ||
| 005 | Дата корректировки | 20140226124026.5 | ||
| 008 | Кодируемые данные | 000221 d | ||
| 020 | a | ISBN | 5-279-00926-1 | |
| c | Цена, тираж | 9 000-00; 4000-00 | ||
| 040 | a | Служба первич. каталог. | НБ ТвГУ | |
| 041 | a | Код языка текста | rus | |
| 080 | a | Индекс УДК | 657.22(73) | |
| 084 | a | Индекс другой классификации/Индекс ББК | У052.82 | |
| a | Индекс другой классификации/Индекс ББК | У052.9(7США)2 | ||
| 090 | a | Полочн. индекс | У052.8 | |
| x | Авторский знак | Н60 | ||
| 100 | 1_ | a | Автор | Нидлз Белверд |
| 245 | 10 | a | Заглавие | Принципы бухгалтерского учета |
| b | Продолж. заглавия | [Пер.с англ.] | ||
| c | Ответственность | Б. Нидлз, Х. Андерсон, Д. Колдуэлл | ||
| 250 | a | Основные сведения об издании | [2-е изд.] | |
| 260 | 0_ | a | Место издания | Москва |
| b | Издательство | Финансы и статистика | ||
| c | Дата издания | 1994 | ||
| 300 | a | Объем | 495 с. | |
| b | Иллюстрации/ тип воспроизводства | ил. | ||
| 440 | a | Серия | Сер. по бух. учету и аудиту UNCTC /Гл. ред. Я.В.Соколов | |
| 500 | a | Примечание | Перевод изд.:Principles of accounting /Belverd E.Needles,Henry R.Anderson,Jemes C.Caldwell(Boston) | |
| 650 | a | Основная рубрика | Бухгалтерский учет | |
| z | Географическая подрубрика | США | ||
| 653 | a | Ключевые слова | Бухгалтерский учет | |
| a | Ключевые слова | Бухгалтерский учет в США | ||
| 700 | 1_ | a | Другие авторы | Андерсон Х. |
| e | Роль лиц | авт. | ||
| 700 | 1_ | a | Другие авторы | Колдуэлл Д. |
| e | Роль лиц | авт. | ||
| 852 | t | Порядковый номер экземпляра | 5 | |
| p | Инвентарный номер | 656851 | ||
| p | Инвентарный номер | 656852 | ||
| p | Инвентарный номер | 656853 | ||
| p | Инвентарный номер | 656854 | ||
| p | Инвентарный номер | 656855 | ||
| 954 | a | Дата поступления на обработку | 21.12.94 | |
| 999 | a | Подразделение 2 | Фил1 |